000 00862nam a2200253 4500
003 OSt
005 20210928120754.0
008 s1998 le fre u
020 _a1000000051513
040 _aLB-BrCRDP
082 1 _a372.35
_bSVT.HAB.EB7.
100 1 _aRamli, Hyam
245 1 0 _aSciences de la vie et de la terre EB7.
_cHyam Ramly, Ahmed Sbeiti, Boulos El Hashem, Samar Noueihed, Laudy Sader Khoreich
260 _aBeyrouth
_bDar Librairie Habib
_c1998
490 0 _aSérie Scientifica
650 _a Sciences de la vie -- Manuels d'enseignement -- EB7
_975
650 _aSciences de la Terre -- Manuels d'enseignement -- EB7
_975
700 1 _aSader Khoreich, Laudy
700 1 _aSBAYTI, Ahmad
700 1 _aEl Hashem, Boulos
700 1 _aNoueihed, Samar
942 _cBK
_2ddc
999 _c5130
_d5130